| 000 | 00687cam a2200253 4500 | ||
|---|---|---|---|
| 001 | E2166 | ||
| 008 | 090401t1994 xxu||||| |||| 00| 0 eng d | ||
| 035 | _a(Sirsi) u37849 | ||
| 041 | _aeng | ||
| 050 | _a333.337 | ||
| 110 |
_aHealey and Baker _91907 |
||
| 245 | 4 | _aThe good office: management and staff requirements | |
| 260 |
_aLondon _bHealey and Baker _c1994 |
||
| 300 | _a16p. ; 30cm. | ||
| 350 | _a20 | ||
| 650 | _aLOCATION | ||
| 650 | _aOCCUPIERS SURVEY | ||
| 650 | _aPROPERTY-COMMERCIAL PROPERTY-OFFICE PROPERTY-OFFICE PROPERTY MARKET | ||
| 650 | _aRELOCATION | ||
| 650 | _aWORKPLACE | ||
| 690 | _aPROPERTY-COMMERCIAL PROPERTY | ||
| 942 | _n0 | ||
| 948 | _c04/03/1997 | ||
| 999 |
_c90563 _d90563 |
||